000 00496nam a22001697a 4500
003 BD-ChCU
005 20260208121329.0
008 260208b bg ||||| |||| 00| 0 ben d
040 _cBD-ChCU
082 _a658 TAW
100 _aTanic , Zivan .
_920174
245 _aWorkers participation in management :
_bideal and reality in india ./
_cZivan , Tanic .
260 _aNew Delhi :
_bThe New India press ,
_cC 1969
300 _axi , 132p
650 0 _aManagement .
_920175
942 _2ddc
_cBK
_n0
999 _c111524
_d111524